000 00756nam a2200205 a 4500
001 000022557
005 20200930021655.0
008 101013t1993 dr ac 000 0 spa d
040 _aDO-SdBNP
_bspa
_cBNPHU
082 _a291.2
_bS944d,1993
100 1 _aSuero, Angel Augusto
_97384
245 1 0 _aDe Dios, de las plegarias y de los milagros /
_cAngel Augusto Suero ; prólogo Noé Sterling Vásquez.
260 _aSanto Domingo :
_bTaller,
_c1993.
300 _a113 p. :
_bil., retrs. ;
_c24 cm.
590 _aInventariado,2018/VM
650 1 4 _aTeología
_bENSAYOS, CONFERENCIAS, ETC.
_946431
650 1 4 _aApologética
_bENSAYOS, CONFERENCIAS, ETC.
_946432
700 1 _aSterling Vásquez, Noé,
_epról.
_946433
910 _aValidado. Control de calidad EMS
999 _c22054
_d22054